[Event "Hessen-chA"]
[Site "Frankfurt"]
[Date "2018.05.10"]
[Round "2"]
[White "Rutsatz, Mario"]
[Black "Reinecke, Katharina"]
[Result "1/2-1/2"]
[WhiteElo "1997"]
[BlackElo "1905"]
[PlyCount "142"]
[EventDate "2018.05.10"]
[EventType "swiss"]
[EventRounds "7"]
[EventCountry "GER"]
[SourceTitle "EXT 2019"]
[Source "ChessBase"]
[SourceDate "2018.10.10"]
[SourceVersion "1"]
[SourceVersionDate "2018.10.10"]
[SourceQuality "1"]

1. c4 c6 2. g3 d5 3. Bg2 Nf6 4. Nf3 Bg4 5. Qb3 Qb6 6. d3 e6 7. 0-0 Nbd7 8. cxd5 exd5 9. Nc3 Bd6 10. Qc2 0-0 11. h3 Bxf3 12. Bxf3 Ne5 13. Bg2 Rfe8 14. Bg5 Nfd7 15. Rab1 h6 16. Be3 Qc7 17. Rfc1 Qd8 18. b4 a6 19. a4 Qf6 20. b5 axb5 21. axb5 Ng6 22. bxc6 bxc6 23. Bd2 Bc5 24. e3 Ne7 25. Na4 Ba3 26. Bc3 Qd6 27. Re1 Ra6 28. Nb2 Rea8 29. e4 Qc5 30. d4 Qa7 31. e5 c5 32. dxc5 Qxc5 33. Qd2 Rc8 34. Bd4 Qc2 35. Qxc2 Rxc2 36. Nd3 Nf5 37. Ba1 Rd2 38. Nf4 d4 39. Be4 Nxe5 40. Bxf5 Nf3+ 41. Kf1 Nxe1 42. Kxe1 Ra2 43. Bxd4 Bd6 44. Rc1 Ra8 45. Be3 Ra1 46. Bb1 Be5 47. Ke2 Rb8 48. Bd3 Rb2+ 49. Kf3 Rxc1 50. Bxc1 Rb3 51. Ke4 Bb2 52. Bxb2 Rxb2 53. Ke3 Rb4 54. Be4 Kf8 55. Nd3 Ra4 56. h4 g5 57. h5 Ke7 58. Nc5 Ra5 59. Kd4 Ra2 60. Ke3 Ra3+ 61. Bd3 Kd6 62. Ne4+ Ke5 63. f4+ gxf4+ 64. gxf4+ Kf5 65. Nf2+ Kf6 66. Ng4+ Kg7 67. Kd4 Ra1 68. Ne3 Rh1 69. Be2 Rh2 70. Bf3 Ra2 71. Bd5 Rh2 1/2-1/2

[Event "Hessen-chA"]
[Site "Frankfurt"]
[Date "2018.05.10"]
[Round "1"]
[White "Schimmer, Michael"]
[Black "Rutsatz, Mario"]
[Result "1/2-1/2"]
[WhiteElo "1830"]
[BlackElo "1997"]
[PlyCount "26"]
[EventDate "2018.05.10"]
[EventType "swiss"]
[EventRounds "7"]
[EventCountry "GER"]
[SourceTitle "EXT 2019"]
[Source "ChessBase"]
[SourceDate "2018.10.10"]
[SourceVersion "1"]
[SourceVersionDate "2018.10.10"]
[SourceQuality "1"]

1. e4 e6 2. d4 d5 3. Nc3 Bb4 4. e5 Ne7 5. a3 Bxc3+ 6. bxc3 c5 7. Nf3 Bd7 8. a4 Nbc6 9. Be2 Qa5 10. 0-0 Qxc3 11. Bd2 Qb2 12. Rb1 Qa2 13. Ra1 Qb2 1/2-1/2

[Event "Heusenstamm Sparkassen op-A 4th"]
[Site "Heusenstamm"]
[Date "2017.11.25"]
[Round "5"]
[White "Rutsatz, Mario"]
[Black "Mao, Yvonne"]
[Result "1-0"]
[WhiteElo "1996"]
[BlackElo "1856"]
[PlyCount "37"]
[EventDate "2017.11.23"]
[EventType "swiss"]
[EventRounds "7"]
[EventCountry "GER"]
[SourceTitle "EXT 2019"]
[Source "ChessBase"]
[SourceDate "2018.10.10"]
[SourceVersion "1"]
[SourceVersionDate "2018.10.10"]
[SourceQuality "1"]

1. c4 e5 2. g3 f5 3. d4 exd4 4. Qxd4 Nc6 5. Qe3+ Be7 6. Bh3 d5 7. cxd5 Qxd5 8. Qf3 Be6 9. Nc3 Qxf3 10. Nxf3 0-0-0 11. 0-0 Nf6 12. Ng5 Nd4 13. Nxe6 Nxe6 14. Bxf5 Rd6 15. Bf4 Rb6 16. Be3 Rc6 17. Nb5 Kb8 18. Bxa7+ Ka8 19. Bxe6 1-0

[Event "Heusenstamm Sparkassen op-A 4th"]
[Site "Heusenstamm"]
[Date "2017.11.24"]
[Round "3"]
[White "Rutsatz, Mario"]
[Black "Bajorski, Marius"]
[Result "1-0"]
[WhiteElo "1996"]
[BlackElo "1843"]
[PlyCount "101"]
[EventDate "2017.11.23"]
[EventType "swiss"]
[EventRounds "7"]
[EventCountry "GER"]
[SourceTitle "EXT 2019"]
[Source "ChessBase"]
[SourceDate "2018.10.10"]
[SourceVersion "1"]
[SourceVersionDate "2018.10.10"]
[SourceQuality "1"]

1. c4 b6 2. d4 e6 3. e4 Bb7 4. Nd2 c5 5. d5 Bd6 6. Qg4 Qf6 7. Bd3 Ne7 8. Ndf3 h6 9. Ne2 Ng6 10. 0-0 0-0 11. Bd2 Be5 12. Ng3 Bxg3 13. Qxg3 e5 14. h4 d6 15. Bxh6 gxh6 16. h5 Kh7 17. hxg6+ fxg6 18. Nh2 Qf4 19. Qxf4 exf4 20. g3 Nd7 21. Nf3 Rae8 22. Rae1 Ne5 23. Nxe5 Rxe5 24. gxf4 Rxf4 25. Re3 Rg5+ 26. Kh2 Bc8 27. Rg3 Rxg3 28. Kxg3 Rg4+ 29. Kf3 Kg7 30. Ke3 g5 31. Be2 Rf4 32. a3 Bg4 33. Bxg4 Rxg4 34. b4 Rf4 35. bxc5 bxc5 36. Rb1 Rf8 37. Rb7+ Rf7 38. Rb8 Rf8 39. Rb5 Rf7 40. f3 h5 41. e5 a6 42. Rb6 dxe5 43. Re6 g4 44. fxg4 hxg4 45. Rxe5 Kg6 46. Re8 Rf3+ 47. Ke2 Rxa3 48. d6 Ra2+ 49. Ke3 g3 50. d7 g2 51. Rg8+ 1-0

[Event "Eschborn op"]
[Site "Eschborn"]
[Date "2017.10.14"]
[Round "2"]
[White "Rutsatz, Mario"]
[Black "Spelleken, Hans Gerd"]
[Result "1-0"]
[WhiteElo "1910"]
[BlackElo "1733"]
[PlyCount "71"]
[EventDate "2017.10.13"]
[EventType "swiss"]
[EventRounds "5"]
[EventCountry "GER"]
[SourceTitle "EXT 2019"]
[Source "ChessBase"]
[SourceDate "2018.10.10"]
[SourceVersion "1"]
[SourceVersionDate "2018.10.10"]
[SourceQuality "1"]

1. c4 Nf6 2. g3 e6 3. Bg2 d5 4. Nf3 Nc6 5. 0-0 Bd6 6. d4 dxc4 7. Nbd2 e5 8. Nxc4 e4 9. Nfe5 0-0 10. Nxc6 bxc6 11. Bg5 Bf5 12. Qa4 Be7 13. Rfd1 Nd5 14. Bxe7 Nxe7 15. Ne5 Rb8 16. Nxc6 Nxc6 17. Qxc6 e3 18. Qc3 exf2+ 19. Kxf2 Re8 20. Rd2 Rb6 21. Rc1 Qg5 22. Kg1 h5 23. h4 Qh6 24. Rf1 Re3 25. Qxc7 Rg6 26. Rxf5 Rexg3 27. Qxf7+ Kh7 28. Rg5 Rxg2+ 29. Rxg2 Rxg2+ 30. Kxg2 Qxd2 31. Qxh5+ Kg8 32. Qe8+ Kh7 33. Qe4+ Kh6 34. d5 Qxb2 35. d6 Qb5 36. Qe3+ 1-0

[Event "Rhein Main op-B 20th"]
[Site "Bad Homburg"]
[Date "2017.06.17"]
[Round "5"]
[White "Rutsatz, Mario"]
[Black "Rieger, Mario"]
[Result "1-0"]
[WhiteElo "1967"]
[BlackElo "1904"]
[PlyCount "73"]
[EventDate "2017.06.14"]
[EventType "swiss"]
[EventRounds "7"]
[EventCountry "GER"]
[SourceTitle "EXT 2018"]
[Source "ChessBase"]
[SourceDate "2017.10.13"]
[SourceVersion "1"]
[SourceVersionDate "2017.10.13"]
[SourceQuality "1"]

1. c4 Nf6 2. Nc3 e6 3. Nf3 d5 4. d4 c6 5. cxd5 exd5 6. Qc2 g6 7. Bg5 Bf5 8. Qd2 Bg7 9. e3 Nbd7 10. Be2 0-0 11. 0-0 Qb6 12. Na4 Qd8 13. Qb4 Nb6 14. Nc5 Qc8 15. a4 Ne4 16. Bf4 Nxc5 17. Qxc5 Nd7 18. Qa3 Re8 19. Rac1 Qd8 20. b4 Bg4 21. b5 Bxf3 22. Bxf3 Bf8 23. Qa2 Qf6 24. a5 a6 25. bxc6 bxc6 26. Qa4 Rac8 27. Bxd5 cxd5 28. Qxd7 Qe6 29. Qxe6 fxe6 30. Rb1 Rc6 31. g4 Rec8 32. Rb6 Be7 33. Rfb1 Kf7 34. Rxc6 Rxc6 35. Rb6 Rc1+ 36. Kg2 Bd8 37. Rxa6 1-0